| 000 | 01610nam a22004214a 4500 | ||
|---|---|---|---|
| 001 | ebr10415995 | ||
| 003 | CaPaEBR | ||
| 006 | m u | ||
| 007 | cr cn||||||||| | ||
| 008 | 090121s2009 caua sb 001 0 eng | ||
| 010 | _z 2009002323 | ||
| 015 |
_aGBA940626 _2bnb |
||
| 016 | 7 |
_z015118130 _2Uk |
|
| 020 | _z9781598744064 (hardcover : alk. paper) | ||
| 020 | _z1598744062 (hardcover : alk. paper) | ||
| 020 | _z9781598744071 (pbk. : alk. paper) | ||
| 020 | _z1598744070 (pbk. : alk. paper) | ||
| 040 |
_aCaPaEBR _cCaPaEBR |
||
| 035 | _a(OCoLC)680626566 | ||
| 043 | _ae-ie--- | ||
| 050 | 1 | 4 |
_aDA969 _b.C67 2009eb |
| 082 | 0 | 4 |
_a338.4/791417 _222 |
| 100 | 1 | _aCosta, Kelli Ann. | |
| 245 | 1 | 0 |
_aCoach fellas _h[electronic resource] : _bheritage and tourism in Ireland / _cKelli Ann Costa. |
| 260 |
_aWalnut Creek, CA : _bLeft Coast Press, _cc2009. |
||
| 300 |
_a255 p. : _bill. |
||
| 490 | 1 | _aHeritage, tourism, and community | |
| 504 | _aIncludes bibliographical references (p. 227-238) and index. | ||
| 533 |
_aElectronic reproduction. _bPalo Alto, Calif. : _cebrary, _d2013. _nAvailable via World Wide Web. _nAccess may be limited to ebrary affiliated libraries. |
||
| 650 | 0 |
_aTourism _zIreland. |
|
| 650 | 0 |
_aTourism _xEmployees _xAttitudes. |
|
| 650 | 0 |
_aTourists _xAttitudes. |
|
| 651 | 0 |
_aIreland _xDescription and travel. |
|
| 655 | 7 |
_aElectronic books. _2local |
|
| 710 | 2 | _aebrary, Inc. | |
| 830 | 0 | _aHeritage, tourism, and community. | |
| 856 | 4 | 0 |
_uhttp://site.ebrary.com/lib/rucke/Doc?id=10415995 _zAn electronic book accessible through the World Wide Web; click to view |
| 999 |
_c86247 _d86247 |
||